000 00303 a2200121 4500
000 nam a22 7a 4500
005 20260305121714.0
020 _a9788177024319
100 _aSubhash Vidyalankar
_91123578
245 _aYog Upnishad (2 Volumes)
260 _bPratibha Prakashan
_c2018
942 _cTEXL
999 _c1688463
_d1688463